How to Interpret a Balance Sheet.
Using a balance sheet from Intel as your case study, survey the significance of specific items that typically appear on balance sheets, including current assets and intangible assets. Also learn how to read balance sheets for clues about an organization’s financial stability, risk, and liquidity.....
| Corporate Authors: | , |
|---|---|
| Format: | Video |
| Language: | English |
| Language Notes: | In English |
| Published: |
[San Francisco, California, USA] :
The Great Courses,
2015.
Kanopy Streaming, 2016. |
| Subjects: | |
| Online Access: | Connect to this streaming video |
MARC
| Tag | First Indicator | Second Indicator | Subfields |
|---|---|---|---|
| LEADER | 00000cgm a22000004a 4500 | ||
| 001 | in00003751908 | ||
| 006 | m o c | ||
| 007 | cr una---unuuu | ||
| 007 | vz uzazuu | ||
| 008 | 160825p20162015cau030 o vleng d | ||
| 005 | 20260324165826.9 | ||
| 028 | 5 | 2 | |a 1167531 |b Kanopy |
| 035 | |a (OCoLC)956905802 | ||
| 035 | |a (CaSfKAN)kan1167531 | ||
| 040 | |a VDU |b eng |c VDU |d UtOrBLW | ||
| 245 | 0 | 0 | |a How to Interpret a Balance Sheet. |
| 264 | 1 | |b The Great Courses, |c 2015. | |
| 264 | 1 | |a [San Francisco, California, USA] : |b Kanopy Streaming, |c 2016. | |
| 300 | |a 1 online resource (streaming video file) (31 minutes): |b digital, .flv file, sound | ||
| 306 | |a 003035 | ||
| 336 | |a two-dimensional moving image |b tdi |2 rdacontent | ||
| 337 | |a computer |b c |2 rdamedia | ||
| 338 | |a online resource |b cr |2 carrier | ||
| 500 | |a Title from title frames. | ||
| 500 | |a Film | ||
| 518 | |a Originally produced by The Great Courses in 2015. | ||
| 520 | |a Using a balance sheet from Intel as your case study, survey the significance of specific items that typically appear on balance sheets, including current assets and intangible assets. Also learn how to read balance sheets for clues about an organization’s financial stability, risk, and liquidity.. | ||
| 538 | |a Mode of access: World Wide Web. | ||
| 546 | |a In English | ||
| 500 | |a Electronic resource. | ||
| 650 | 0 | |a Business education. |0 http://id.loc.gov/authorities/subjects/sh85018279 | |
| 653 | |a Advertising & PR | ||
| 653 | |a Marketing | ||
| 655 | 7 | |a Internet videos. |2 lcgft |0 http://id.loc.gov/authorities/genreForms/gf2011026337 | |
| 655 | 7 | |a Educational films. |2 lcgft |0 http://id.loc.gov/authorities/genreForms/gf2011026219 | |
| 710 | 2 | |a Great Courses (Firm),$4dst. | |
| 710 | 2 | |a Kanopy (Firm),$4dst. | |
| 856 | 4 | 0 | |u http://proxy.library.tamu.edu/login?url=https://texasam.kanopystreaming.com/node/167532 |z Connect to this streaming video |t 0 |
| 999 | f | f | |s 9070e390-6c0a-3d19-a15b-639c36d5951a |i 9d9b2196-1b5c-3a6d-85ea-cacf636572b7 |t 0 |
| 952 | f | f | |a Texas A&M University |b College Station |c Electronic Resources |s www_evans |d Available Online |t 0 |h No information provided |
| 998 | f | f | |t 0 |l Available Online |